000 00643nab a2200181 4500
001 244442
003 OSt
005 20250905093939.0
007 tu
008 200917s2020|||||||
040 _aDE-2950
_cDE-2950
245 0 0 _aTheaterstück "Jacqueline" war ein echter Publikumsrenner
_bErinnerung. Am Sonntag war die Produktion über den DDR-Schulalltag an der früheren 10. POS ein letzte Mal zu sehen - und erneut ausverkauft/
_cRené Matschkowiak
264 _c2024
653 _aFrankfurt (Oder)
653 _a"Jacqueline"
773 0 _g36. Jahrgang (2025) Nr. 203 vom 01.09.2025, S. 13 mit Foto
_tMärkische Oderzeitung
942 _2z
_cA
999 _c373987
_d373987